Lanean...

Pyramid

Xehetasun bibliografikoak
Egile nagusia: Gibbins David
Formatua: Printed Book
Hizkuntza:Undetermined
LEADER 00301nam a2200097Ia 4500
008 150914s9999 xx 000 0 und d
100 |a Gibbins David 
245 |a Pyramid 
942 |c BK 
999 |c 29237  |d 29237 
952 |0 0  |1 0  |4 0  |7 0  |9 31970  |a DCB  |b DCB  |d 2015-09-17  |l 2  |p DCB2805  |q 2020-10-21  |r 2020-10-07  |s 2020-10-07  |w 2015-09-17  |y BK